00532nam a2200169Ia 4500008004100000020001500041041000800056082001600064100001600080245002500096250000600121260002000127300001900147650004700166999001900213952013000232210716s2009 xx 000 0 und d a8184120982 aeng a519.53 VERA aVerma, A P. aBusiness statistics. a4 aNew Delhic2009 a17.29,16,8,xii aBusiness Statistics & Quantitative Methods c205842d205842 00102ddc40738MBAaAIMITbAIMITd2010-12-15g395.00l0o519.53 VERApMBA08408r2025-07-21 00:00:00v296.25w2021-07-16yBK